Manual de direito comercial / (Record no. 482)
[ view plain ]
| 000 -LÍDER | |
|---|---|
| Campo Fixo de Controle | 00724nam a2200241 a 4500 |
| 001 - NÚMERO DE CONTROLE | |
| Campo de Controle | 482 |
| 003 - IDENTIFICAÇÃO DO NÚMERO DE CONTROLE | |
| Campo de Controle | BR-CuiBMT |
| 005 - DATA E HORA DA ÚLTIMA ATUALIZAÇÃO | |
| Campo de Controle | 20231107210223.0 |
| 008 - DADOS FIXOS | |
| Dados Fixos | 231107s2005 spb 000 0 por d |
| 020 ## - INTERNATIONAL STANDARD BOOK NUMBER | |
| Nº do ISBN | 8502051393 |
| 040 ## - AGÊNCIA CATALOGADORA | |
| Código da Agência Catalogadora | BR-CuiBMT |
| Agência que transcreveu o registro | BR-CuiBMT |
| 080 ## - Nº DA CLASSIFICAÇÃO DECIMAL UNIVERSAL | |
| Nº edição CDU | 2007 |
| Nº Class. CDU | 347.7 |
| 090 ## - NÚMERO DE CHAMADA | |
| Nº classificação | 347.7 |
| Cutter | C672m |
| Ano/Edição | 16. ed. |
| 100 1# - ENTRADA PRINCIPAL -- AUTOR PESSOAL | |
| Nome pessoal | Coelho, Fábio Ulhoa |
| Datas associadas ao nome | 1959- |
| 245 ## - TÍTULO PRINCIPAL | |
| Título principal | Manual de direito comercial / |
| Indicação de responsabilidade | Fábio Ulhoa Coelho. |
| 250 ## - EDIÇÃO | |
| Edição | 16. ed., rev. e atual. |
| 260 ## - PUBLICAÇÃO, DISTRIBUIÇÃO, ETC. | |
| Local de publicação | São Paulo: |
| Editora | Saraiva, |
| Data | 2005. |
| 300 ## - DESCRIÇÃO FÍSICA | |
| N. páginas ou volumes | 497 p. ; |
| Dimensões | 21 cm |
| 500 ## - NOTAS GERAIS | |
| Notas gerais | Edição revista e atualizada de acordo com a nova lei de falências |
| 650 ## - ASSUNTO TÓPICO | |
| Fonte do cabeçalho ou termo | Direito comercial |
| Subdivisão geográfica | Brasil |
| 650 ## - ASSUNTO TÓPICO | |
| Fonte do cabeçalho ou termo | Sociedade comercial |
| Subdivisão geográfica | Brasil |
| 942 ## - ELEMENTOS DE ENTRADA ADICIONAIS (KOHA) | |
| Fonte de classificação ou esquema de arquivamento | Classificação Decimal Universal |
| Tipo de item do Koha | Livros |
| Estado: removido | Estado: perdido | Fonte de classificação ou esquema de arquivamento | Estado: danificado | Indisponível para empréstimo | Localização permanente | Localização atual | Data de aquisição | Total Checkouts | Número de Chamada completo | Código de barras | Date last seen | Número do exemplar | Preço efetivo a partir de | Tipo de item (Koha) |
|---|---|---|---|---|---|---|---|---|---|---|---|---|---|---|
| Classificação Decimal Universal | Biblioteca da Escola Superior de Contas do TCE/MT | Biblioteca da Escola Superior de Contas do TCE/MT | 09/02/2011 | 347.7 C672m 16. ed. | BIBTCEMT23110235 | 07/11/2023 | Ex. 1 | 07/11/2023 | Livros |